The Changing United Nations/ (Record no. 13207)
[ view plain ]
| 000 -LEADER | |
|---|---|
| fixed length control field | 00846nam a22002411 4500 |
| 001 - CONTROL NUMBER | |
| control field | 754698 |
| 005 - DATE AND TIME OF LATEST TRANSACTION | |
| control field | 19740909000000.0 |
| 008 - FIXED-LENGTH DATA ELEMENTS--GENERAL INFORMATION | |
| fixed length control field | 740514s1967 nyu |db 001 0 eng d |
| 010 ## - LIBRARY OF CONGRESS CONTROL NUMBER | |
| LC control number | 67010915 |
| 040 ## - CATALOGING SOURCE | |
| Original cataloging agency | DLC |
| Transcribing agency | DLC |
| Modifying agency | DLC |
| 050 00 - LIBRARY OF CONGRESS CALL NUMBER | |
| Classification number | JX1977 |
| Item number | .C5542 |
| 082 00 - DEWEY DECIMAL CLASSIFICATION NUMBER | |
| Classification number | 341.23 |
| Edition number | 22 |
| Item number | CLA |
| 100 1# - MAIN ENTRY--PERSONAL NAME | |
| Personal name | Claude, Inis L. |
| 9 (RLIN) | 10649 |
| 245 14 - TITLE STATEMENT | |
| Title | The Changing United Nations/ |
| Statement of responsibility, etc | by Inis L. Claude |
| 260 ## - PUBLICATION, DISTRIBUTION, ETC. (IMPRINT) | |
| Place of publication, distribution, etc | New York: |
| Name of publisher, distributor, etc | Random House, 1967 |
| Date of publication, distribution, etc | 1967 |
| 300 ## - PHYSICAL DESCRIPTION | |
| Extent | xix, 140 p.; |
| Dimensions | 19 cm. |
| 490 0# - Series Statement | |
| Series statement | Random House Studies in Political Science,PS58 |
| 500 ## - GENERAL NOTE | |
| General note | Donated by: Alaa Abdel Ghany |
| 504 ## - BIBLIOGRAPHY, ETC. NOTE | |
| Bibliography, etc | Bibliography: p. 131-136. |
| 610 20 - SUBJECT ADDED ENTRY--CORPORATE NAME | |
| Corporate name or jurisdiction name as entry element | United Nations. |
| 9 (RLIN) | 10650 |
| 942 ## - ADDED ENTRY ELEMENTS (KOHA) | |
| Source of classification or shelving scheme | Dewey Decimal Classification |
| Item type | Book - Borrowing |
| Withdrawn status | Item status | Source of classification or shelving scheme | Damaged status | Not for loan | Vendor | Home library | Current library | Shelving location | Date acquired | Source of acquisition | Total Checkouts | Full call number | Barcode | Date last seen | Date last borrowed | Koha item type |
|---|---|---|---|---|---|---|---|---|---|---|---|---|---|---|---|---|
| Dewey Decimal Classification | Central Library | Central Library | First floor | 24/01/2010 | Donation | 2 | 341.23 CLA | 000019484 | 15/07/2025 | 15/04/2019 | Book - Borrowing |